| 000 | 00533pam a2200169 a 4500 | ||
|---|---|---|---|
| 020 | _a0070612498 (acidfree) : | ||
| 040 | _cDLC | ||
| 082 | 0 | 0 | _a573 MCG 1995 A031 Or. |
| 100 | 1 | _aStein, Philip L. | |
| 245 | 1 | 0 |
_aPhysical anthropology : _bthe core / |
| 260 |
_aNew York : _bMcGraw-Hill, _cc1995. |
||
| 300 |
_axiv, 354 p. : _bill. ; _c25 cm. |
||
| 500 | _a"Portions of this text have been taken from Physical anthropology, fifth edition"--T.p. verso. | ||
| 650 | 0 | _aPhysical anthropology. | |
| 700 | 1 | _aRowe, Bruce M. | |
| 942 | _cEK | ||
| 999 |
_c12080 _d12080 |
||